[Event "Abu Dhabi Masters Online"]
[Site "Chess.com INT"]
[Date "2024.08.21"]
[Round "7"]
[White "Hayrapetyan, Edgar"]
[Black "Khouri, Ahmed Abbas"]
[Result "1-0"]
[WhiteElo "2216"]
[BlackElo "1978"]
[PlyCount "71"]
[EventDate "2024.08.21"]
[EventType "swiss (blitz)"]
[EventRounds "11"]
[EventCountry "UAE"]
[SourceTitle "CBM 221 Extra"]
[Source "ChessBase"]
[SourceDate "2024.09.30"]
[SourceVersion "1"]
[SourceVersionDate "2024.09.30"]
[SourceQuality "1"]

1. e4 d5 2. exd5 Qxd5 3. Nc3 Qd6 4. Nf3 Nf6 5. Bc4 Bg4 6. d4 Nbd7 7. 0-0 c6 8. h3 Bh5 9. Re1 e6 10. g4 Bg6 11. Ne5 Nxe5 12. dxe5 Qxd1 13. Rxd1 Nd7 14. f4 Bxc2 15. Re1 h5 16. Be3 hxg4 17. hxg4 Bc5 18. Rac1 Bg6 19. f5 exf5 20. e6 fxe6 21. Bxe6 Bxe3+ 22. Rxe3 f4 23. Bxd7+ Kxd7 24. Rd1+ Kc7 25. Re7+ Kb6 26. Na4+ Ka5 27. Nc3 Kb6 28. Rdd7 Rab8 29. Na4+ Ka5 30. Nc5 Rh4 31. Rxb7 Rxg4+ 32. Kf2 Rxb7 33. Rxb7 f3 34. a3 Rg2+ 35. Kxf3 Rxb2 36. Rxb2 1-0

[Event "Abu Dhabi Masters Online"]
[Site "Chess.com INT"]
[Date "2024.08.21"]
[Round "3"]
[White "Khouri, Ahmed Abbas"]
[Black "Jumabayev, Rinat"]
[Result "0-1"]
[WhiteElo "1978"]
[BlackElo "2577"]
[PlyCount "110"]
[EventDate "2024.08.21"]
[EventType "swiss (blitz)"]
[EventRounds "11"]
[EventCountry "UAE"]
[SourceTitle "CBM 221 Extra"]
[Source "ChessBase"]
[SourceDate "2024.09.30"]
[SourceVersion "1"]
[SourceVersionDate "2024.09.30"]
[SourceQuality "1"]

1. e4 e5 2. Nf3 Nc6 3. Bb5 a6 4. Ba4 Nf6 5. d3 d6 6. c3 Bd7 7. 0-0 g6 8. d4 Bg7 9. h3 0-0 10. Re1 Re8 11. dxe5 Nxe5 12. Bxd7 Qxd7 13. Nxe5 Rxe5 14. Bf4 Rxe4 15. Rxe4 Nxe4 16. Nd2 Re8 17. Nf3 Qb5 18. Rb1 Qc4 19. a3 Nxf2 20. Qd2 Re2 21. Qc1 Qe4 22. Bg3 Nxh3+ 23. Kh1 Nf2+ 24. Kg1 Ng4 25. Qg5 Bh6 26. Qd8+ Kg7 27. Rf1 Be3+ 28. Kh1 Bf4 29. Qh4 Bxg3 30. Qxg3 Ne3 31. Ng5 Nxf1 32. Qh3 Ng3+ 33. Kh2 Nf1+ 34. Kh1 Qxg2+ 35. Qxg2 Rxg2 36. Kxg2 Ne3+ 37. Kf3 Nc4 38. b3 Nxa3 39. Ke4 Nb5 40. Kd3 Na7 41. Nf3 Nc8 42. Nd2 h5 43. Ke3 Kf6 44. Nc4 Ke7 45. Na5 b6 46. Nc6+ Ke6 47. Nd8+ Kf6 48. Nc6 Ne7 49. Nb8 a5 50. Na6 c5 51. Nb8 Ke6 52. Na6 Kd7 53. b4 a4 54. bxc5 bxc5 55. Kd3 h4 0-1

[Event "Abu Dhabi Masters Online"]
[Site "Chess.com INT"]
[Date "2024.08.21"]
[Round "4"]
[White "Khouri, Ahmed Abbas"]
[Black "Sibashvili, Giorgi"]
[Result "0-1"]
[WhiteElo "1978"]
[BlackElo "2409"]
[PlyCount "94"]
[EventDate "2024.08.21"]
[EventType "swiss (blitz)"]
[EventRounds "11"]
[EventCountry "UAE"]
[SourceTitle "CBM 221 Extra"]
[Source "ChessBase"]
[SourceDate "2024.09.30"]
[SourceVersion "1"]
[SourceVersionDate "2024.09.30"]
[SourceQuality "1"]

1. e4 c5 2. Nf3 d6 3. d4 cxd4 4. Qxd4 Nc6 5. Bb5 Bd7 6. Bxc6 Bxc6 7. Nc3 Nf6 8. Bg5 e6 9. 0-0-0 Be7 10. Qd3 Qa5 11. Kb1 0-0 12. h4 Rfd8 13. Nd4 Be8 14. f4 Rac8 15. g4 Qc5 16. Bxf6 Bxf6 17. g5 Be7 18. h5 b5 19. g6 b4 20. Nce2 Bf6 21. h6 hxg6 22. hxg7 Bxg7 23. f5 e5 24. fxg6 exd4 25. Rdf1 Qc4 26. gxf7+ Bxf7 27. Qh3 Qxa2+ 28. Kc1 d3 29. Qxd3 Qa1+ 30. Kd2 Qxb2 31. Rhg1 b3 32. Nd4 Rxc2+ 33. Nxc2 Qxc2+ 34. Qxc2 bxc2 35. Kxc2 Bc4 36. Rf3 a5 37. Rfg3 Rd7 38. Ra1 Ra7 39. Ra4 Bb5 40. Rd4 Ra6 41. Rd5 Bc6 42. Rdg5 Bxe4+ 43. Kd1 Ra7 44. R5g4 d5 45. Rg6 a4 46. Rb6 a3 47. Rb8+ Kf7 0-1

[Event "Titled Tuesday intern op 09th Jan Early"]
[Site "Chess.com INT"]
[Date "2024.01.09"]
[Round "2"]
[White "Csonka, Balazs"]
[Black "Khouri, Ahmed Abbas"]
[Result "1-0"]
[WhiteElo "2479"]
[BlackElo "1963"]
[PlyCount "43"]
[EventDate "2024.01.09"]
[EventType "swiss (blitz)"]
[EventRounds "11"]
[EventCountry "USA"]
[SourceTitle "CBM 218 Extra"]
[Source "ChessBase"]
[SourceDate "2024.03.31"]
[SourceVersion "1"]
[SourceVersionDate "2024.03.31"]
[SourceQuality "1"]

1. d4 Nf6 2. Nf3 g6 3. c4 c5 4. Nc3 Bg7 5. e4 cxd4 6. Nxd4 0-0 7. Be2 d6 8. 0-0 Nc6 9. Be3 Nd7 10. Qd2 f5 11. Ne6 Qe8 12. Nxg7 Kxg7 13. Bh6+ Kg8 14. Nd5 Qf7 15. Bxf8 Qxf8 16. exf5 Qxf5 17. Bd3 Qh5 18. f4 Nc5 19. Rae1 Nxd3 20. Qxd3 Bf5 21. Qc3 Kf7 22. Rxe7+ 1-0

[Event "Titled Tuesday intern op 09th Jan Early"]
[Site "Chess.com INT"]
[Date "2024.01.09"]
[Round "9"]
[White "Khouri, Ahmed Abbas"]
[Black "Batsiashvili, Nino"]
[Result "1-0"]
[WhiteElo "1963"]
[BlackElo "2451"]
[PlyCount "151"]
[EventDate "2024.01.09"]
[EventType "swiss (blitz)"]
[EventRounds "11"]
[EventCountry "USA"]
[SourceTitle "CBM 218 Extra"]
[Source "ChessBase"]
[SourceDate "2024.03.31"]
[SourceVersion "1"]
[SourceVersionDate "2024.03.31"]
[SourceQuality "1"]

1. e4 a6 2. d4 b5 3. Bd3 e6 4. Nf3 Bb7 5. 0-0 Nf6 6. Re1 c5 7. c3 Be7 8. Nbd2 Nc6 9. Nf1 Rc8 10. a3 cxd4 11. cxd4 d5 12. e5 Ne4 13. Ng3 Na5 14. b4 Nc3 15. Qc2 Na4 16. Qd1 Nc4 17. Bf4 a5 18. Nd2 axb4 19. axb4 Nab2 20. Qf3 Nxd3 21. Qxd3 Bxb4 22. Rab1 Bxd2 23. Bxd2 Nxd2 24. Qxd2 Bc6 25. Nh5 0-0 26. Rb3 f5 27. exf6 Rxf6 28. Nxf6+ Qxf6 29. Rf3 Qg6 30. Rc1 Bd7 31. Rxc8+ Bxc8 32. h3 h6 33. Qc3 Bd7 34. Qc7 Qe8 35. Qd6 Kh7 36. Rc3 b4 37. Rc7 Bb5 38. Qe5 Qg6 39. Rb7 Bd3 40. Rxb4 Be4 41. g3 Bf3 42. Rb7 Be4 43. Kh2 h5 44. Qf4 Bf5 45. Qe5 Be4 46. Rb8 Bf5 47. Ra8 Qg5 48. Qb8 Qd2 49. Qg8+ Kg6 50. Qe8+ Kh7 51. Qg8+ Kg6 52. Qe8+ Kh7 53. Qxh5+ Qh6 54. Qxh6+ Kxh6 55. f3 Kg6 56. g4 Bd3 57. Kg3 Kf6 58. Kf4 g5+ 59. Ke3 Bf1 60. Rf8+ Kg6 61. Ra8 Bxh3 62. Ra6 Kf6 63. Ra1 e5 64. Rg1 exd4+ 65. Kxd4 Ke6 66. Ke3 Ke5 67. Kf2 Kf4 68. Rh1 Bxg4 69. fxg4 Kxg4 70. Rd1 Kh3 71. Rxd5 g4 72. Rd3+ Kh2 73. Rg3 Kh1 74. Rxg4 Kh2 75. Rg3 Kh1 76. Rh3# 1-0

[Event "Titled Tuesday intern op 19th Dec Early"]
[Site "Chess.com INT"]
[Date "2023.12.19"]
[Round "1"]
[White "Khouri, Ahmed Abbas"]
[Black "Mika, Tomasz1"]
[Result "1-0"]
[WhiteElo "1963"]
[BlackElo "2138"]
[PlyCount "77"]
[EventDate "2023.12.19"]
[EventType "swiss (blitz)"]
[EventRounds "11"]
[EventCountry "USA"]
[SourceTitle "CBM 217 Extra"]
[Source "ChessBase"]
[SourceDate "2024.01.31"]
[SourceVersion "1"]
[SourceVersionDate "2024.01.31"]
[SourceQuality "1"]

1. e4 c6 2. c4 d5 3. exd5 cxd5 4. cxd5 Nf6 5. Nc3 Nxd5 6. Nf3 e6 7. Bc4 Be7 8. 0-0 0-0 9. Re1 Nf6 10. d4 b6 11. Bg5 Bb7 12. Bb3 Nc6 13. a3 Qd7 14. Qd3 Rfd8 15. Rad1 Nd5 16. Bc2 g6 17. Ne4 Rac8 18. Bb1 f6 19. Bh4 Na5 20. Ba2 Kg7 21. Bg3 b5 22. Nc5 Bxc5 23. dxc5 Rxc5 24. Nd4 e5 25. Nf3 Nc4 26. Re2 Rc6 27. h4 Rd6 28. Ree1 Nf4 29. Qc2 Bxf3 30. Rxd6 Qxd6 31. gxf3 Qd5 32. Bxf4 exf4 33. Qe4 Qxe4 34. Rxe4 Nd2 35. Rxf4 Rd7 36. Kg2 Re7 37. a4 Re2 38. axb5 Re1 39. Ra4 1-0

[Event "Titled Tuesday intern op 11th Jul Late"]
[Site "Chess.com INT"]
[Date "2023.07.11"]
[Round "4"]
[White "Garmendia Vega, Gabriel"]
[Black "Khouri, Ahmed Abbas"]
[Result "1/2-1/2"]
[WhiteElo "1967"]
[BlackElo "1963"]
[PlyCount "141"]
[EventDate "2023.07.11"]
[EventType "swiss (blitz)"]
[EventRounds "11"]
[EventCountry "USA"]
[SourceTitle "EXT 2024"]
[Source "ChessBase"]
[SourceDate "2023.10.10"]
[SourceVersion "1"]
[SourceVersionDate "2023.10.10"]
[SourceQuality "1"]

1. e4 d5 2. exd5 Qxd5 3. Nc3 Qd6 4. d4 Nf6 5. Nf3 Bg4 6. Be2 Nbd7 7. 0-0 c6 8. h3 Bh5 9. Re1 e6 10. Bg5 Be7 11. Qd2 0-0 12. Bf4 Qb4 13. a3 Qa5 14. b4 Qd8 15. Rab1 a5 16. bxa5 Bxa3 17. Rxb7 Rxa5 18. Nb1 Be7 19. Nc3 Qa8 20. Reb1 Rd8 21. Bc7 Rc8 22. Bxa5 Qxa5 23. g4 Bg6 24. g5 Nd5 25. Rxd7 Qxc3 26. Qxc3 Nxc3 27. Rbb7 Nxe2+ 28. Kf1 Nxd4 29. Nxd4 Bf8 30. Nf3 Bxc2 31. Ne5 c5 32. Nxf7 c4 33. Rbc7 Bd3+ 34. Ke1 Rb8 35. Rb7 Ra8 36. Ra7 Rb8 37. Rdb7 Rc8 38. Ne5 c3 39. Nxd3 c2 40. Nc1 Bd6 41. Rd7 Bf4 42. Rac7 Rxc7 43. Rxc7 Bxc7 44. Kd2 Kf7 45. Kxc2 Kg6 46. h4 Kh5 47. Nd3 Kxh4 48. Nc5 Be5 49. Nxe6 Kg4 50. Kd3 Kf5 51. Nf8 Kxg5 52. Nxh7+ Kh6 53. Nf8 g5 54. Ke4 Bf4 55. Kf5 Kh5 56. Ne6 Bd2 57. f3 Kh4 58. Nf8 Kg3 59. Ke4 Kh4 60. Ng6+ Kh5 61. Ne5 Kh6 62. Ng4+ Kh5 63. Ne5 Kh4 64. Ng6+ Kg3 65. Ne7 Bf4 66. Nf5+ Kf2 67. Nh6 Kg3 68. Nf7 Kf2 69. Nh6 Kg3 70. Nf5+ Kf2 71. Nh6 1/2-1/2

[Event "Titled Tuesday intern op 11th Jul Late"]
[Site "Chess.com INT"]
[Date "2023.07.11"]
[Round "2"]
[White "Khouri, Ahmed Abbas"]
[Black "Yurasova, Daria"]
[Result "0-1"]
[WhiteElo "1963"]
[BlackElo "2081"]
[PlyCount "102"]
[EventDate "2023.07.11"]
[EventType "swiss (blitz)"]
[EventRounds "11"]
[EventCountry "USA"]
[SourceTitle "EXT 2024"]
[Source "ChessBase"]
[SourceDate "2023.10.10"]
[SourceVersion "1"]
[SourceVersionDate "2023.10.10"]
[SourceQuality "1"]

1. e4 e5 2. Nf3 Nc6 3. Bb5 a6 4. Ba4 Nf6 5. d3 d6 6. c3 b5 7. Bb3 Be7 8. Nbd2 0-0 9. Nf1 Bb7 10. Ng3 Re8 11. Bg5 g6 12. 0-0 Bf8 13. Qd2 Bg7 14. Bh6 Bh8 15. h3 Na5 16. Bc2 c5 17. Nf5 d5 18. exd5 Bxd5 19. Nh2 Be6 20. Ne3 Qd7 21. Bg5 Bg7 22. Qe2 h6 23. Bh4 Nh5 24. Qf3 Nf4 25. Rfd1 Nc6 26. Bg3 g5 27. Bb3 Bxb3 28. axb3 Ne7 29. Nhg4 Nf5 30. Nxf5 Qxf5 31. Ne3 Nxh3+ 32. Kh2 Qxf3 33. gxf3 Nf4 34. Bxf4 exf4 35. Nd5 Re2 36. Kg2 Rxb2 37. Re1 Rxb3 38. Re7 Bxc3 39. Rh1 Bg7 40. Rd1 Rd8 41. Nc7 Rbxd3 42. Rde1 c4 43. Nxa6 c3 44. Nb4 Rd2 45. Nc6 Rc8 46. Ne5 c2 47. Nxf7 c1Q 48. R1e6 Qc5 49. Nxh6+ Bxh6 50. Re5 Qxf2+ 51. Kh3 Qg2# 0-1

[Event "Abu Dhabi President Cup"]
[Site "Abu Dhabi"]
[Date "2017.12.27"]
[Round "7"]
[White "Khouri, Ahmed Abbas"]
[Black "Hamdan, Marshool"]
[Result "0-1"]
[WhiteElo "2050"]
[BlackElo "1983"]
[PlyCount "146"]
[EventDate "2017.12.22"]
[EventType "swiss"]
[EventRounds "9"]
[EventCountry "UAE"]
[SourceTitle "CBM 182 Extra"]
[Source "ChessBase"]
[SourceDate "2018.02.23"]
[SourceVersion "1"]
[SourceVersionDate "2018.02.23"]
[SourceQuality "1"]

1. e4 d6 2. d4 Nf6 3. Bd3 g6 4. Nf3 Bg7 5. 0-0 0-0 6. h3 c6 7. Re1 Nbd7 8. c3 e5 9. Na3 Qc7 10. Nc2 Re8 11. Bd2 a5 12. a4 b6 13. Nh2 c5 14. Na3 cxd4 15. cxd4 exd4 16. Nb5 Qb8 17. Bf4 Ne5 18. Nxd4 Bb7 19. f3 Nh5 20. Be3 Nxd3 21. Qxd3 d5 22. exd5 Bxd5 23. Nf5 gxf5 24. Qxd5 Re5 25. Qd2 Qe8 26. Bxb6 Rb8 27. Bxa5 Ng3 28. Qg5 Ne2+ 29. Rxe2 Rxe2 30. Bc3 Qf8 31. Nf1 Kh8 32. Bf6 Bxf6 33. Qxf6+ Qg7 34. Qxg7+ Kxg7 35. Ng3 Rexb2 36. Nxf5+ Kf6 37. Nd6 Rb1+ 38. Rxb1 Rxb1+ 39. Kh2 Ra1 40. Ne4+ Kg6 41. Nc5 Rc1 42. Nd3 Rd1 43. Nc5 Rd5 44. Nb3 Rd3 45. Nc5 Rc3 46. Nb7 Rc7 47. Nd6 Ra7 48. g4 Rxa4 49. h4 h5 50. gxh5+ Kxh5 51. Nxf7 Kxh4 52. Ne5 Ra2+ 53. Kg1 Kg3 54. Kf1 Kf4 55. Nc4 Kxf3 56. Ke1 Rc2 57. Nd2+ Ke3 58. Nf1+ Kd3 59. Ng3 Rg2 60. Nf1 Re2+ 61. Kd1 Rf2 62. Ke1 Rg2 63. Kd1 Re2 64. Ng3 Re3 65. Nf1 Re8 66. Ng3 Ke3 67. Kc2 Rf8 68. Kc3 Rf3 69. Nh5 Ke4+ 70. Kc4 Ke5 71. Ng7 Rf7 72. Nh5 Rc7+ 73. Kd3 Rh7 0-1

[Event "Abu Dhabi President Cup"]
[Site "Abu Dhabi"]
[Date "2017.12.23"]
[Round "3"]
[White "Khouri, Ahmed Abbas"]
[Black "Salem, Ahmed Salem"]
[Result "1/2-1/2"]
[WhiteElo "2050"]
[BlackElo "1730"]
[PlyCount "50"]
[EventDate "2017.12.22"]
[EventType "swiss"]
[EventRounds "9"]
[EventCountry "UAE"]
[SourceTitle "CBM 182 Extra"]
[Source "ChessBase"]
[SourceDate "2018.02.23"]
[SourceVersion "1"]
[SourceVersionDate "2018.02.23"]
[SourceQuality "1"]

1. e4 c5 2. Nf3 Nc6 3. d4 cxd4 4. Nxd4 e5 5. Nb5 d6 6. N1c3 a6 7. Na3 b5 8. Nd5 Nge7 9. Nxe7 Bxe7 10. c3 Be6 11. Nc2 d5 12. exd5 Qxd5 13. Qxd5 Bxd5 14. Ne3 Be6 15. g3 0-0 16. Bg2 Rac8 17. Nd5 Bc5 18. Be3 Bxe3 19. fxe3 Rfd8 20. Rd1 Kf8 21. Kf2 Na5 22. Nb6 Rb8 23. Nd5 Rbc8 24. Nb6 Rb8 25. Nd5 Rbc8 1/2-1/2

[Event "Abu Dhabi op 23rd"]
[Site "Abu Dhabi"]
[Date "2016.08.27"]
[Round "7"]
[White "Deshpande, Aniruddha"]
[Black "Khouri, Ahmed Abbas"]
[Result "1-0"]
[WhiteElo "2219"]
[BlackElo "2061"]
[PlyCount "65"]
[EventDate "2016.08.21"]
[EventType "swiss"]
[EventRounds "9"]
[EventCountry "UAE"]
[SourceTitle "CBM 174 Extra"]
[Source "ChessBase"]
[SourceDate "2016.10.10"]
[SourceVersion "1"]
[SourceVersionDate "2016.10.10"]
[SourceQuality "1"]

1. e4 c5 2. Nf3 d6 3. d4 cxd4 4. Nxd4 Nf6 5. Nc3 Nc6 6. Be2 e5 7. Nb3 h6 8. 0-0 Be7 9. f4 0-0 10. Kh1 a5 11. a4 Be6 12. f5 Bxb3 13. cxb3 Nb4 14. Bc4 Nd7 15. Nd5 Nxd5 16. Qxd5 Qc7 17. Be3 Nb6 18. Qd3 Nxc4 19. bxc4 Bf6 20. b3 Qc6 21. Rad1 Rfd8 22. Qc2 Rd7 23. Rd5 b6 24. Qf2 Rb8 25. h4 Kf8 26. g4 Be7 27. g5 hxg5 28. f6 gxf6 29. Bxg5 Ke8 30. Bxf6 Kd8 31. Bxe7+ Rxe7 32. Qf6 Kd7 33. Rfd1 1-0

[Event "Abu Dhabi op 23rd"]
[Site "Abu Dhabi"]
[Date "2016.08.24"]
[Round "5"]
[White "Khouri, Ahmed Abbas"]
[Black "Calzetta Ruiz, Monica"]
[Result "1-0"]
[WhiteElo "2061"]
[BlackElo "2257"]
[PlyCount "87"]
[EventDate "2016.08.21"]
[EventType "swiss"]
[EventRounds "9"]
[EventCountry "UAE"]
[SourceTitle "CBM 174 Extra"]
[Source "ChessBase"]
[SourceDate "2016.10.10"]
[SourceVersion "1"]
[SourceVersionDate "2016.10.10"]
[SourceQuality "1"]

1. e4 e5 2. Nf3 Nc6 3. Bc4 Bc5 4. 0-0 Nf6 5. d3 0-0 6. c3 d6 7. a4 a6 8. Na3 Na5 9. b4 Nxc4 10. Nxc4 Ba7 11. Bg5 h6 12. Bh4 g5 13. Nxg5 hxg5 14. Bxg5 Kg7 15. Ne3 c6 16. Qf3 Rh8 17. Kh1 Kg6 18. h4 Rh5 19. g4 Rxg5 20. hxg5 Nh7 21. Nf5 Nxg5 22. Qg3 Bxf5 23. exf5+ Kf6 24. Rae1 a5 25. d4 e4 26. Kg2 axb4 27. Rh1 bxc3 28. Qxc3 d5 29. Rh6+ Kg7 30. Reh1 f6 31. Qb4 b5 32. Rg6+ Kf7 33. Rhh6 Bb6 34. Rxf6+ Qxf6 35. Rxf6+ Kxf6 36. Qd6+ Kg7 37. Qg6+ Kf8 38. Qxc6 Rxa4 39. Qxb6 Nf3 40. Qd6+ Kg7 41. Qe7+ Kh6 42. Qf6+ Kh7 43. Qf7+ Kh8 44. f6 1-0

[Event "Asia Cup"]
[Site "Abu Dhabi"]
[Date "2016.04.04"]
[Round "8.3"]
[White "Taalaibekov, Tagir"]
[Black "Khouri, Ahmed Abbas"]
[Result "1/2-1/2"]
[WhiteElo "2150"]
[BlackElo "2062"]
[PlyCount "162"]
[EventDate "2016.03.28"]
[EventType "team-swiss"]
[EventRounds "9"]
[EventCountry "UAE"]
[SourceTitle "CBM 171 Extra"]
[Source "ChessBase"]
[SourceDate "2016.04.26"]
[SourceVersion "1"]
[SourceVersionDate "2016.04.26"]
[SourceQuality "1"]
[WhiteTeam "Kyrgyzstan"]
[BlackTeam "United Arab Emirates"]
[WhiteTeamCountry "KGZ"]
[BlackTeamCountry "UAE"]

1. d4 Nf6 2. Nf3 g6 3. c4 Bg7 4. g3 0-0 5. Bg2 d6 6. Nc3 Nc6 7. 0-0 a6 8. h3 Rb8 9. e4 b5 10. d5 b4 11. Ne2 Na5 12. Nfd4 Bd7 13. b3 c5 14. dxc6 Nxc6 15. Bb2 Qc8 16. Kh2 Ne8 17. Nxc6 Bxc6 18. Nd4 Ba8 19. Qe2 Nc7 20. Rad1 Ne6 21. Nxe6 Qxe6 22. Bc1 a5 23. f4 Bc6 24. Qd3 a4 25. Bd2 axb3 26. axb3 Qc8 27. f5 Qb7 28. Bg5 Rfe8 29. Rde1 Ra8 30. Re2 gxf5 31. exf5 Bxg2 32. Rxg2 Ra5 33. h4 Rea8 34. Qf3 Qxf3 35. Rxf3 Kf8 36. Re2 Be5 37. f6 Bxf6 38. Bxf6 exf6 39. Rxf6 Ra2 40. Rff2 Rxe2 41. Rxe2 Ra1 42. Kg2 Rc1 43. Kf3 f6 44. Ke4 Ke7 45. Kd3+ Kd7 46. Re3 Rf1 47. Kd4 Rd1+ 48. Rd3 Rc1 49. Ke3 Ke6 50. Kd4 Kd7 51. Re3 Rd1+ 52. Ke4 Ke6 53. Kf4+ Kf7 54. Rf3 Ke6 55. Re3+ Kf7 56. g4 Rh1 57. h5 Rc1 58. Rf3 Ke6 59. Re3+ Kf7 60. Rf3 Ke6 61. Re3+ Kf7 62. Rg3 Ke6 63. Re3+ Kf7 64. Ke4 Ke6 65. Kd4+ Kd7 66. Ke4 Ke6 67. Kf4+ Kf7 68. Re2 Rf1+ 69. Ke4 Ke6 70. Kd4+ Kd7 71. c5 Rf4+ 72. Kd5 dxc5 73. Rg2 Rf3 74. Kxc5 Rxb3 75. g5 Rh3 76. gxf6 Rxh5+ 77. Kxb4 Ke6 78. Kc4 Kxf6 79. Kd4 Rf5 80. Ke4 h5 81. Rg8 Ra5 1/2-1/2

[Event "Asia Cup"]
[Site "Abu Dhabi"]
[Date "2016.04.02"]
[Round "6.4"]
[White "Khouri, Ahmed Abbas"]
[Black "Nguyen, Anh Khoi"]
[Result "0-1"]
[WhiteElo "2062"]
[BlackElo "2412"]
[PlyCount "74"]
[EventDate "2016.03.28"]
[EventType "team-swiss"]
[EventRounds "9"]
[EventCountry "UAE"]
[SourceTitle "CBM 171 Extra"]
[Source "ChessBase"]
[SourceDate "2016.04.26"]
[SourceVersion "1"]
[SourceVersionDate "2016.04.26"]
[SourceQuality "1"]
[WhiteTeam "United Arab Emirates"]
[BlackTeam "Vietnam"]
[WhiteTeamCountry "UAE"]
[BlackTeamCountry "VIE"]

1. e4 c5 2. Nf3 d6 3. d4 cxd4 4. Nxd4 Nf6 5. Nc3 a6 6. h3 e6 7. g4 Be7 8. g5 Nfd7 9. h4 Nc6 10. Be3 Qc7 11. Qd2 b5 12. Nxc6 Qxc6 13. a3 0-0 14. f4 f5 15. Bg2 Bb7 16. 0-0 fxe4 17. Nxe4 d5 18. Ng3 Rac8 19. c3 Nb6 20. Bd4 Nc4 21. Qe2 Bc5 22. Rad1 Rc7 23. Bh3 Bc8 24. Kh2 Rcf7 25. Nh5 Qb6 26. Bxg7 Rxg7 27. Nxg7 Kxg7 28. Qh5 Qc7 29. Qh6+ Kh8 30. g6 Qg7 31. Qxg7+ Kxg7 32. gxh7 Ne3 33. Rg1+ Kxh7 34. Rd3 Rxf4 35. h5 Rh4 36. Re1 Bd6+ 37. Kg1 Rxh3 0-1

[Event "Arab olympiad-ch 1st"]
[Site "Agadir"]
[Date "2015.10.02"]
[Round "1.4"]
[White "Khouri, Ahmed Abbas"]
[Black "Nezad, Husein Aziz"]
[Result "0-1"]
[WhiteElo "2052"]
[BlackElo "2425"]
[PlyCount "70"]
[EventDate "2015.10.02"]
[EventType "swiss"]
[EventRounds "9"]
[EventCountry "MAR"]
[SourceTitle "EXT 2024"]
[Source "ChessBase"]
[SourceDate "2023.10.10"]
[SourceVersion "1"]
[SourceVersionDate "2023.10.10"]
[SourceQuality "1"]

1. e4 e5 2. Nf3 Nc6 3. Bc4 Bc5 4. c3 Nf6 5. d3 a6 6. Bb3 Ba7 7. Nbd2 0-0 8. 0-0 d6 9. h3 Nh5 10. Re1 Nf4 11. Nf1 Qf6 12. Be3 Qg6 13. Ng3 Bxe3 14. Rxe3 Kh8 15. d4 f5 16. exf5 Bxf5 17. dxe5 Nxe5 18. Nxe5 dxe5 19. Rxe5 Bd3 20. Qe1 Bb5 21. Rc5 Bc6 22. f3 Nd3 23. Bc2 Nxe1 24. Bxg6 Nxf3+ 25. gxf3 Rxf3 26. Nf5 hxg6 27. Ne7 Rg3+ 28. Kf2 Rg2+ 29. Ke3 Bb5 30. Rd5 Rg3+ 31. Kf2 Rxh3 32. Nxg6+ Kh7 33. Nf4 Rf8 34. Kg2 Rh6 35. Kg3 Bc6 0-1

[Event "Calvia Amateur op 11th"]
[Site "Calvia"]
[Date "2014.10.10"]
[Round "7"]
[White "Khouri, Ahmed Abbas"]
[Black "Molet, Asher"]
[Result "1-0"]
[WhiteElo "2008"]
[BlackElo "1783"]
[PlyCount "65"]
[EventDate "2014.10.04"]
[EventType "swiss"]
[EventRounds "9"]
[EventCountry "ESP"]
[SourceTitle "EXT 2015"]
[Source "ChessBase"]
[SourceDate "2014.11.20"]
[SourceVersion "1"]
[SourceVersionDate "2014.11.20"]
[SourceQuality "1"]

1. e4 c5 2. Nf3 Nc6 3. d4 cxd4 4. Nxd4 Nf6 5. Nc3 e5 6. Ndb5 d6 7. Bg5 a6 8. Na3 b5 9. Nd5 Be7 10. Bxf6 Bxf6 11. c4 b4 12. Nc2 a5 13. g3 0-0 14. h4 Ne7 15. Nxf6+ gxf6 16. Bg2 Rb8 17. b3 f5 18. exf5 Bxf5 19. Ne3 Be6 20. Qd2 Qb6 21. Rd1 Rbd8 22. 0-0 f5 23. Bd5 Nxd5 24. Nxd5 Qc5 25. Qh6 Bxd5 26. Rxd5 Qc7 27. Rfd1 Qg7 28. Qxg7+ Kxg7 29. c5 f4 30. cxd6 fxg3 31. fxg3 e4 32. Re5 Rf3 33. Kg2 1-0

[Event "Arab Clubs-chT"]
[Site "Marrakesh"]
[Date "2014.05.31"]
[Round "9"]
[White "Sarwat, Walaa"]
[Black "Khouri, Ahmed Abbas"]
[Result "1-0"]
[WhiteElo "2310"]
[BlackElo "2070"]
[PlyCount "111"]
[EventDate "2014.05.24"]
[EventType "team-swiss"]
[EventRounds "9"]
[EventCountry "MAR"]
[SourceTitle "EXT 2018"]
[Source "ChessBase"]
[SourceDate "2017.10.13"]
[SourceVersion "1"]
[SourceVersionDate "2017.10.13"]
[SourceQuality "1"]
[WhiteTeam "Club Houar"]
[BlackTeam "Abu Dhabi"]
[WhiteTeamCountry "EGY"]
[BlackTeamCountry "UAE"]

1. e4 e5 2. Nf3 Nc6 3. Bb5 Nf6 4. d3 Bc5 5. 0-0 Nd4 6. Nxd4 Bxd4 7. c3 Bb6 8. Qf3 c6 9. Ba4 0-0 10. Bb3 d5 11. Bg5 dxe4 12. dxe4 Be6 13. Na3 h6 14. Bh4 Qe7 15. Bxe6 Qxe6 16. Bxf6 Qxf6 17. Qxf6 gxf6 18. Nc4 Rfd8 19. Rfd1 Bc7 20. Ne3 Kg7 21. Nf5+ Kg6 22. h4 h5 23. f3 a5 24. g4 hxg4 25. fxg4 Bb6+ 26. Kg2 Bc5 27. Kf3 Bf8 28. Ke2 b5 29. Rxd8 Rxd8 30. Rd1 Rb8 31. Rd7 b4 32. h5+ Kg5 33. Rxf7 bxc3 34. bxc3 a4 35. Kd3 a3 36. Rc7 c5 37. Kc4 Ra8 38. Rf7 Rd8 39. Ra7 Kxg4 40. h6 Bxh6 41. Nxh6+ Kf4 42. Rf7 Kg5 43. Nf5 Rd2 44. Kb3 Kf4 45. Rxf6 Kxe4 46. Ng3+ Kd5 47. Rd6+ Kxd6 48. Ne4+ Kd5 49. Nxd2 e4 50. Nxe4 Kxe4 51. Kxa3 Kd5 52. Kb3 Kd6 53. Kc4 Kc6 54. a3 Kb6 55. Kd5 Kb5 56. c4+ 1-0

[Event "Arab Clubs-chT"]
[Site "Marrakesh"]
[Date "2014.05.30"]
[Round "8"]
[White "Khouri, Ahmed Abbas"]
[Black "Basil, Alshouha"]
[Result "1-0"]
[WhiteElo "2070"]
[BlackElo "2169"]
[PlyCount "72"]
[EventDate "2014.05.24"]
[EventType "team-swiss"]
[EventRounds "9"]
[EventCountry "MAR"]
[SourceTitle "EXT 2018"]
[Source "ChessBase"]
[SourceDate "2017.10.13"]
[SourceVersion "1"]
[SourceVersionDate "2017.10.13"]
[SourceQuality "1"]
[WhiteTeam "Abu Dhabi"]
[BlackTeam "Jordan"]
[WhiteTeamCountry "UAE"]
[BlackTeamCountry "JOR"]

1. e4 c5 2. Nf3 g6 3. d4 cxd4 4. Qxd4 Nf6 5. Nc3 Nc6 6. Qa4 d6 7. e5 Ng4 8. Bb5 Ngxe5 9. Nxe5 dxe5 10. Bxc6+ bxc6 11. Qxc6+ Bd7 12. Qd5 Bg7 13. Be3 Qc8 14. Qc5 Qb7 15. 0-0-0 Rb8 16. Qa3 0-0 17. b3 Rfc8 18. Nd5 Bf5 19. c4 Bf8 20. Bc5 Rxc5 21. Qxc5 e6 22. Nf6+ Kh8 23. Qxe5 Bg7 24. Rd7 Qb4 25. Rhd1 Qa3+ 26. Kd2 Rf8 27. Ke1 Bc2 28. R1d2 Qc1+ 29. Ke2 Bf5 30. Rd8 Qa3 31. Qd6 Qxd6 32. R2xd6 h5 33. c5 Bh6 34. c6 Kg7 35. Rxf8 Kxf8 36. c7 e5 1-0